000 00806nam a2200217Ia 4500
003 GCL
008 140319s9999 xx 000 0 ara d
040 _aGCL /
_cGCL
082 0 4 _a416
_bف م
100 1 _aعبدالعزيز الميمنى
245 1 0 _aالمنقوص والممدود التنبيهات /
_cعبدالعزيز الميمنى
700 1 _aالفراء : ابو زكريا يحيى بن زياد بن عبدالله بن منظور الديلمى
700 1 _aالبصرى , على بن حمزة اللغوى
260 _a[S.N] :
_bدار المعارف ،
_c1986
300 _a388 ص
490 _aذخائر العرب
_v0
650 0 4 _aالاوزان الشعرية
650 0 4 _aاللغة العربية
650 0 4 _aالتفعيلات الشعرية
942 _2ddc
_cBK
999 _c56063
_d56063